Analýza, účtovanie a vykazovanie vlastného imania v bankách diplomová práca

Enregistré dans:
Détails bibliographiques
Auteur principal: Kisantalová, Alica
Collectivité auteur: Fakulta hospodárskej informatiky EU. Katedra účtovníctva a audítorstva
Autres auteurs: Kadlečíková, Oľga, 1973-
Format: Livre
Langue:slovaque
Publié: Bratislava 2017
Tags: Ajouter un tag
Pas de tags, Soyez le premier à ajouter un tag!

MARC

LEADER 00000nbm a2200000 4500
001 0230862
005 20180410101502.3
041 0 |a slo 
044 |a SK 
245 1 0 |a Analýza, účtovanie a vykazovanie vlastného imania v bankách  |b diplomová práca  |c Alica Kisantalová ; školiteľ: Oľga Kadlečíková 
264 1 |a Bratislava  |c 2017 
300 |a 51 s. 
100 1 |a Kisantalová, Alica 
700 1 |a Kadlečíková, Oľga, 1973- 
710 2 |a Fakulta hospodárskej informatiky EU. Katedra účtovníctva a audítorstva